000 00348 a2200145 4500
001 168206
020 _a
040 _cMagnum
100 _aBienfait, Marcel
240 1 0 _aAs bases da fisiologia da terapia manual
_lpor
245 1 0 _aAs bases da fisiologia da terapia manual
362 0 _a1899
697 _aCIENCIAS MEDICAS SAUDE
942 _cBK
999 _c168206
_d168206